<?xml version="1.0" encoding="UTF-8"?><?xml-stylesheet type="text/xsl" href="static/style.xsl"?><OAI-PMH xmlns="http://www.openarchives.org/OAI/2.0/" xmlns:xsi="http://www.w3.org/2001/XMLSchema-instance" xsi:schemaLocation="http://www.openarchives.org/OAI/2.0/ http://www.openarchives.org/OAI/2.0/OAI-PMH.xsd"><responseDate>2026-04-14T18:11:05Z</responseDate><request verb="GetRecord" identifier="oai:uvadoc.uva.es:10324/31471" metadataPrefix="marc">https://uvadoc.uva.es/oai/request</request><GetRecord><record><header><identifier>oai:uvadoc.uva.es:10324/31471</identifier><datestamp>2021-06-29T22:23:36Z</datestamp><setSpec>com_10324_38</setSpec><setSpec>col_10324_852</setSpec></header><metadata><record xmlns="http://www.loc.gov/MARC21/slim" xmlns:doc="http://www.lyncode.com/xoai" xmlns:xsi="http://www.w3.org/2001/XMLSchema-instance" xmlns:dcterms="http://purl.org/dc/terms/" xsi:schemaLocation="http://www.loc.gov/MARC21/slim http://www.loc.gov/standards/marcxml/schema/MARC21slim.xsd">
<leader>00925njm 22002777a 4500</leader>
<datafield tag="042" ind1=" " ind2=" ">
<subfield code="a">dc</subfield>
</datafield>
<datafield tag="720" ind1=" " ind2=" ">
<subfield code="a">González López, Josué</subfield>
<subfield code="e">author</subfield>
</datafield>
<datafield tag="260" ind1=" " ind2=" ">
<subfield code="c">2018</subfield>
</datafield>
<datafield tag="520" ind1=" " ind2=" ">
<subfield code="a">El plan de prevención de riesgos laborales se ha convertido en una herramienta&#xd;
fundamental e imprescindible, ya que lo exige la ley, para que las empresas&#xd;
gestionen y establezcan su propio plan de prevención&#xd;
En plan de riesgos laborales es un documento muy extenso, por lo que en ese&#xd;
trabajo de fin de grado nos centraremos en la evaluación de los riesgos y la&#xd;
adaptación de medios de protección a una planta de extrusión en caliente de&#xd;
tocho de aluminio.&#xd;
Para poder desarrollar estas partes es necesario también dar una descripción&#xd;
del producto, el flujograma de producción, los equipos necesarios para obtener&#xd;
el producto final así como los puestos de trabajo que influyen en la obtención&#xd;
de mismo.</subfield>
</datafield>
<datafield tag="024" ind2=" " ind1="8">
<subfield code="a">http://uvadoc.uva.es/handle/10324/31471</subfield>
</datafield>
<datafield ind1=" " ind2=" " tag="653">
<subfield code="a">Aluminio - Industria - Seguridad - Medidas</subfield>
</datafield>
<datafield ind1=" " ind2=" " tag="653">
<subfield code="a">Seguridad en el Trabajo</subfield>
</datafield>
<datafield tag="245" ind1="0" ind2="0">
<subfield code="a">Análisis de riesgos laborales en una planta de extrusión en caliente de tocho de aluminio</subfield>
</datafield>
</record></metadata></record></GetRecord></OAI-PMH>